W kręgu Conrada

Podrobná bibliografia
Hlavný autor: Zabierowski, Stefan, 1940- (Autor)
Médium: Kniha
Jazyk:poľština
Fyzický popis:209 s. 21 cm
Vydavateľské údaje: Katowice Wydawnictwo Uniwersytetu Śląskiego 2008
ISBN:9788322618356
ISSN:0208-6336
Vydanie:Wyd. 1.
Edícia:Prace Naukowe Uniwersytetu Śląskiego w Katowicach
Predmet:

MARC

LEADER 00000nam a2200000 a 4500
001 vtls009628820
003 SK-MaSNL
005 20260301130126.0
008 251029s2008 pl g ah 001 0bpol
020 |a 9788322618356  |q (brož.) 
040 |a SNK  |b slo  |c SNK  |e AACR2 
041 0 |a pol  |b eng  |b fre 
044 |a pl  |c PL 
072 7 |a 821.111.09  |x Anglická literatúra, anglicky písaná (o nej)  |2 konspekt 
072 7 |a 929  |x Biografie  |2 konspekt 
080 |a 929  |2 2001 
080 |a 821.111-051  |2 2001 
080 |a (092)  |2 2001 
100 1 |a Zabierowski, Stefan,  |d 1940-  |4 aut  |9 477127 
245 1 0 |a W kręgu Conrada  |c Stefan Zabierowski 
250 |a Wyd. 1. 
260 |a Katowice  |b Wydawnictwo Uniwersytetu Śląskiego  |c 2008 
300 |a 209 s.  |c 21 cm 
490 1 |a Prace Naukowe Uniwersytetu Śląskiego w Katowicach  |x 0208-6336  |v nr 2665 
504 |a Obsahuje bibliogr. a reg. 
546 |a Res. angl. a franc. 
600 1 7 |a Conrad, Joseph,  |d 1857-1924  |2 SNKMA  |9 214982 
648 7 |a 19.-20. stor.  |2 SNKPH  |9 268609 
650 0 7 |a anglickí spisovatelia  |2 SNKPH  |9 83433 
655 7 |a biografie  |2 SNKPH  |9 27965 
830 0 |a Prace Naukowe Uniwersytetu Śląskiego w Katowicach  |9 288146 
919 |a 978-83-226-1835-6 
999 |c 744516  |d 746446 
952 |a SNK  |b SNK  |y VYP  |7 0  |p 17A0628731  |o snkIC 138041  |i snk2009/15122  |8 2  |g 6.63  |0 0  |1 0  |4 0  |d 2009-07-17  |l 0  |r 2026-02-23 23:12:12  |w 2026-02-23